MARC

Tag First Indicator Second Indicator Subfields
LEADER 00000cas a2200000 a 4500
001 in00000299366
005 20190325091431.0
008 750812c19409999nbu x1 b 0 a0eng d
010 |a  39003422   |z sn 85022635   |z sn 88033495  
016 7 |a 59030460R  |2 DNLM 
016 7 |a M31020000  |z SR0062148  |2 DNLM 
019 |a 330832  |a 2264061  |a 9794801  |a 10014410  |a 10402042  |a 12813495  |a 18569818  |a 22330906 
022 0 |a 0076-6461 
035 |a (OCoLC)ocm01537855 
035 |a (OCoLC)01537855 
035 |a ABJ2293AM 
040 |a MUL  |c MUL  |d YUS  |d UCU  |d DLC  |d NYG  |d IUL  |d CHS  |d RCS  |d OCL  |d IUL  |d OCL  |d HUL  |d OCL  |d HUL  |d NSD  |d OCL  |d NST  |d HUL  |d DLC  |d NST  |d OCL  |d NST  |d WAU  |d IUL  |d SYS  |d UMC  |d OCLCQ  |d NLM  |d UtOrBLW 
042 |a lc  |a nsdp 
049 |a TXAM 
050 0 0 |a Z5814.P8  |b B932 
060 0 0 |a ZBF 431  |b M549 
082 0 |a 016.1512  |a 016.159928 
210 0 |a Mental meas. yearb. 
222 4 |a The mental measurements yearbook 
245 0 7 |a The ... Mental measurements yearbook. 
246 1 |i Also called:  |a MMY 
264 1 |a Highland Park, N.J. :  |b The Mental Measurements Yearbook,  |c 1941- 
300 |a volumes ;  |c 27 cm. 
310 |a Irregular 
336 |a text  |b txt  |2 rdacontent 
337 |a unmediated  |b n  |2 rdamedia 
338 |a volume  |b nc  |2 rdacarrier 
362 0 |a [2nd] 1940- 
500 |a Editors: 1940-1978, Oscar Krisen Buros; 1985- James V. Mitchell, Jr. 
525 |a Ninth- ed. kept up to date between editions by supplements. 
530 |a Also available in CD-ROM edition. 
550 |a Published: New Brunswick : Rutgers University Press, 1949; Highland Park, N.J. : Gryphon Press, 1953-1978; Lincoln, Neb. : Buros Institute of Mental Measurements, University of Nebraska--Lincoln, 1985- 
650 0 |a Examinations  |v Bibliography. 
650 0 |a Statistics  |v Bibliography. 
650 0 |a Educational tests and measurements  |v Bibliography. 
650 0 |a Psychological tests  |v Bibliography. 
650 2 |a Psychological Tests  |v Bibliography. 
650 2 |a Research  |v Bibliography. 
650 2 |a Statistics  |v Bibliography. 
700 1 |a Buros, Oscar Krisen,  |d 1905-1978. 
710 2 |a Buros Institute of Mental Measurements. 
775 1 |t Mental measurements yearbook (CD-ROM)  |w (DLC)sn 94043429  |w (OCoLC)30771979 
780 0 0 |t Mental measurements yearbook of the School of Education, Rutgers University  |w (DLC)sn 85022634  |w (OCoLC)10014448 
856 4 1 |u http://proxy.library.tamu.edu/login?url=http://coral.library.tamu.edu/resourcelink.php?resource=2393  |t 0 
891 3 3 |9 853  |8 1  |a v.  |i (year) 
891 4 0 |9 863  |8 1  |a <[2]>-  |i <1940>-  |x provisional 
936 |a Supplement to 9th LIC 
949 |a AM_DB_MFHD URL added  |b h  |c 2003/3/21  |d c  |e bsurratt  |f 9:48:55 am 
994 |a E0  |b TXA 
999 |a MARS 
999 f f |s 521b1bc0-2e5b-385e-ae08-4b57a539753b  |i e1c1f01d-1080-3896-a966-bc67e9953a13  |t 0 
952 f f |a Texas A&M University  |b College Station  |c Sterling C. Evans Library  |d Evans: Library Stacks  |e Z5814.P8 B932  |h Library of Congress classification  |i unmediated -- volume  |k 20th  |l 2017  |m A14850214165  |p normal  |s Evans stk  |t 0 
952 f f |a Texas A&M University  |b College Station  |c Sterling C. Evans Library  |d Evans: Library Stacks  |e Z5814.P8 B932  |h Library of Congress classification  |i unmediated -- volume  |k 11th  |l 1992  |m A14816166845  |p normal  |s Evans stk  |t 0 
952 f f |a Texas A&M University  |b College Station  |c Sterling C. Evans Library  |d Evans: Library Stacks  |e Z5814.P8 B932  |h Library of Congress classification  |i unmediated -- volume  |k 2nd  |l 1940  |m A14813964016  |p normal  |s Evans stk  |t 0 
952 f f |a Texas A&M University  |b College Station  |c Sterling C. Evans Library  |d Evans: Library Stacks  |e Z5814.P8 B932  |h Library of Congress classification  |i unmediated -- volume  |k 17th ed.  |l 2007  |m A14834024106  |p normal  |s Evans stk  |t 0 
952 f f |a Texas A&M University  |b College Station  |c Sterling C. Evans Library  |d Evans: Library Stacks  |e Z5814.P8 B932  |h Library of Congress classification  |i unmediated -- volume  |k 10th  |l 1989  |m A14812315337  |p normal  |s Evans stk  |t 0 
952 f f |a Texas A&M University  |b College Station  |c Sterling C. Evans Library  |d Evans: Library Stacks  |e Z5814.P8 B932  |h Library of Congress classification  |i unmediated -- volume  |k 7th:v.1  |l 1972  |m A14813964260  |p normal  |s Evans stk  |t 0 
952 f f |a Texas A&M University  |b College Station  |c Sterling C. Evans Library  |d Evans: Library Stacks  |e Z5814.P8 B932  |h Library of Congress classification  |i unmediated -- volume  |k 18th  |l 2010  |m A14839460292  |p normal  |s Evans stk  |t 0 
952 f f |a Texas A&M University  |b College Station  |c Sterling C. Evans Library  |d Evans: Library Stacks  |e Z5814.P8 B932  |h Library of Congress classification  |i unmediated -- volume  |k 21st  |l 2021  |m A14842382005  |p normal  |s Evans stk  |t 0 
952 f f |a Texas A&M University  |b College Station  |c Sterling C. Evans Library  |d Evans: Library Stacks  |e Z5814.P8 B932  |h Library of Congress classification  |i unmediated -- volume  |k 3rd  |l 1949  |m A14813964066  |p normal  |s Evans stk  |t 0 
952 f f |a Texas A&M University  |b College Station  |c Sterling C. Evans Library  |d Evans: Library Stacks  |e Z5814.P8 B932  |h Library of Congress classification  |i unmediated -- volume  |k 12th:Suppl.  |l 1996  |m A14820971985  |p normal  |s Evans stk  |t 0 
952 f f |a Texas A&M University  |b College Station  |c Sterling C. Evans Library  |d Evans: Library Stacks  |e Z5814.P8 B932  |h Library of Congress classification  |i unmediated -- volume  |k 15th  |l 2003  |m A14830336967  |p normal  |s Evans stk  |t 0 
952 f f |a Texas A&M University  |b College Station  |c Sterling C. Evans Library  |d Evans: Library Stacks  |e Z5814.P8 B932  |h Library of Congress classification  |i unmediated -- volume  |k 12th  |l 1995  |m A14819472148  |p normal  |s Evans stk  |t 0 
952 f f |a Texas A&M University  |b College Station  |c Sterling C. Evans Library  |d Evans: Library Stacks  |e Z5814.P8 B932  |h Library of Congress classification  |i unmediated -- volume  |k 9th:v.2  |l 1985  |m A14833578550  |p normal  |s Evans stk  |t 0 
952 f f |a Texas A&M University  |b College Station  |c Sterling C. Evans Library  |d Evans: Library Stacks  |e Z5814.P8 B932  |h Library of Congress classification  |i unmediated -- volume  |k 19th  |l 2014  |m A14842275936  |p normal  |s Evans stk  |t 0 
952 f f |a Texas A&M University  |b College Station  |c Sterling C. Evans Library  |d Evans: Library Stacks  |e Z5814.P8 B932  |h Library of Congress classification  |i unmediated -- volume  |k 11th:Suppl.  |l 1994  |m A14818518983  |p normal  |s Evans stk  |t 0 
952 f f |a Texas A&M University  |b College Station  |c Sterling C. Evans Library  |d Evans: Library Stacks  |e Z5814.P8 B932  |h Library of Congress classification  |i unmediated -- volume  |k 5th  |l 1959  |m A14813964163  |p normal  |s Evans stk  |t 0 
952 f f |a Texas A&M University  |b College Station  |c Sterling C. Evans Library  |d Evans: Library Stacks  |e Z5814.P8 B932  |h Library of Congress classification  |i unmediated -- volume  |k 8th:v.1  |l 1978  |m A14838742722  |p normal  |s Evans stk  |t 0 
952 f f |a Texas A&M University  |b College Station  |c Sterling C. Evans Library  |d Evans: Library Stacks  |e Z5814.P8 B932  |h Library of Congress classification  |i unmediated -- volume  |k 9th:v.1  |l 1985  |m A14833578518  |p normal  |s Evans stk  |t 0 
952 f f |a Texas A&M University  |b College Station  |c Sterling C. Evans Library  |d Evans: Library Stacks  |e Z5814.P8 B932  |h Library of Congress classification  |i unmediated -- volume  |k 13th  |l 1998  |m A14822458593  |p normal  |s Evans stk  |t 0 
952 f f |a Texas A&M University  |b College Station  |c Sterling C. Evans Library  |d Evans: Library Stacks  |e Z5814.P8 B932  |h Library of Congress classification  |i unmediated -- volume  |k 16th  |l 2005  |m A14831443652  |p normal  |s Evans stk  |t 0 
952 f f |a Texas A&M University  |b College Station  |c Sterling C. Evans Library  |d Evans: Library Stacks  |e Z5814.P8 B932  |h Library of Congress classification  |i unmediated -- volume  |k 14th  |l 2001  |m A14827235526  |p normal  |s Evans stk  |t 0 
952 f f |a Texas A&M University  |b College Station  |c Sterling C. Evans Library  |d Evans: Library Stacks  |e Z5814.P8 B932  |h Library of Congress classification  |i unmediated -- volume  |k 13th:Suppl.  |l 1999  |m A14826002580  |p normal  |s Evans stk  |t 0 
952 f f |a Texas A&M University  |b College Station  |c Sterling C. Evans Library  |d Evans: Library Stacks  |e Z5814.P8 B932  |h Library of Congress classification  |i unmediated -- volume  |k 4th  |l 1953  |m A14813964113  |p normal  |s Evans stk  |t 0 
952 f f |a Texas A&M University  |b College Station  |c Sterling C. Evans Library  |d Evans: Library Stacks  |e Z5814.P8 B932  |h Library of Congress classification  |i unmediated -- volume  |k 8th:v.2  |l 1978  |m A14813964414  |p normal  |s Evans stk  |t 0 
952 f f |a Texas A&M University  |b College Station  |c Sterling C. Evans Library  |d Evans: Library Stacks  |e Z5814.P8 B932  |h Library of Congress classification  |i unmediated -- volume  |k 10th:Suppl.  |l 1990  |m A14813456128  |p normal  |s Evans stk  |t 0 
952 f f |a Texas A&M University  |b College Station  |c Sterling C. Evans Library  |d Evans: Library Stacks  |e Z5814.P8 B932  |h Library of Congress classification  |i unmediated -- volume  |k 7th:v.2  |l 1972  |m A14813964317  |p normal  |s Evans stk  |t 0 
952 f f |a Texas A&M University  |b College Station  |c Sterling C. Evans Library  |d Evans: Library Stacks  |e Z5814.P8 B932  |h Library of Congress classification  |i unmediated -- volume  |k 6th  |l 1965  |m A14813964210  |p normal  |s Evans stk  |t 0 
998 f f |a Z5814.P8 B932  |s 2nd-21st (1940-2021)  |t 0  |l Evans: Library Stacks